01008nam a2200253 i 4500001000700000003000700007005001700014008003900031100002200070245008900092246002500181250007500206260005000281300002900331490006200360490003100422546005300453650001800506700003700524700001900561830006200580830003100642852008100673186548SpMaBN20250928132348.0161124s1958 gw |||| | grc0 aSexto Empírico.10aPyrroneion ypotyposeon b: libros tres continens / crecensuit Hermannus Mutschmann.33aEsbozos pirrónicos aEd. stereotypam emendatam cur. addenda et corrigenda badiecit I. Mau. aLipsiae : bin aedibus B.G. Teubneri, c1958. aXXXII, 221 p. ; c21 cm.1 aBibliotheca Scriptorum Graecorum et Romanorum Teubneriana1 aSexti Empirici opera ; v1 aTexto griego, introducción y notas en latín.04aEscépticos.1 aMutschmann, Hermann, d1882-19181 aMau, Jürgen.0 aBibliotheca Scriptorum Graecorum et Romanorum Teubneriana0 aSexti Empirici opera ; v1 aES-MaACLjL-30896 z- enc. cart. z. - Biblioteca Jacinto Martínez Lacalle